| 000 | 00481nam a2200193 a 4500 | ||
|---|---|---|---|
| 001 | 2030 | ||
| 005 | 20140414132020.0 | ||
| 008 | 040109s19uu xx 00 eng d | ||
| 020 | _a0-394-82799-6 | ||
| 050 |
_aTR _bF52 1970 |
||
| 100 | _aLionni, Leo | ||
| 245 |
_aFish is fish / _cLeo Lionni. |
||
| 260 |
_aU.S.A : _bDragonfly Books, _c1970. |
||
| 300 | _av. p. : ill. ; cm. | ||
| 500 | _aTR/PS | ||
| 650 |
_aFish _xStories. |
||
| 650 | _aChildren stories. | ||
| 999 |
_c113451 _d113451 |
||